000 00954naa a22002177i 4500
001 232804
003 ES-MaBCM
005 20260409122123.0
008 260406s2026 sp ||||| |||| 00| 0 spa d
040 _cES-MaBCM
100 1 _aMartínez Saldaña, David
_9118407
245 1 3 _aLa pionera mejora de las condiciones laborales en New Lanark (Glasgow, 1786), de la mano de David Dale y Robert Owen =
_bThe forerunner improvement of working conditions in New Lanark (Glasgow, 1786), by David Dale and Robert Owen
_cDavid Martínez Saldaña
648 0 _aS. XVIII
_9128965
650 7 _aDerecho laboral
_958334
650 7 _aCondición de trabajo
_958033
650 7 _aRevolución industrial
_960132
650 7 _aTrabajo de menores
_960482
650 7 _aSocialismo utópico
_960296
773 0 _dLas Rozas, Madrid
_gN. 134 (marzo 2026) - Loc. En línea
_tTrabajo y Derecho : nueva revista de actualidad y relaciones laborales
_w198687
942 _2udc
_cAREV
999 _c232804
_d232804